| 000 | 00603nam a2200217 a 4500 | ||
|---|---|---|---|
| 005 | 20210219152826.0 | ||
| 008 | 991125n 000 0 eng u | ||
| 035 | _aUPN01000062478 | ||
| 100 | _aWillis, Deborah | ||
| 222 | _aHIGHER EDUCATION | ||
| 245 | _aAcademic involvement at university | ||
| 300 | _a133-150 | ||
| 362 | _a1993 25, No. 2 | ||
| 653 | 0 | _aACTITUDES DEL ESTUDIANTE | |
| 653 | 0 | _aADMINISTRACION DE COLEGIOS | |
| 653 | 0 | _aESTUDIANTES EN EL COLEGIO | |
| 653 | 0 | _aPARTICIPACION DEL ESTUDIANTE | |
| 653 | 0 | _aPROCESOS DE APRENDIZAJES | |
| 904 |
_aAC _b000289 |
||
| 905 | _aArticulo | ||
| 999 |
_c61739 _d61739 |
||